Trường điện từ

Saved in:
Bibliographic Details
Main Author: Ngô Nhật ảnh
Format: Book
Language:Undetermined
Published: Tp. HCM Trường Đại Học Kỹ Thuật 1998
Subjects:
Tags: Add Tag
No Tags, Be the first to tag this record!
Institutions: Trung tâm Học liệu Trường Đại học Cần Thơ
LEADER 00583nam a2200193Ia 4500
001 CTU_37144
008 210402s9999 xx 000 0 und d
020 |b 26.500đ 
082 |a 530.141 
082 |b A107/1998 
100 |a Ngô Nhật ảnh 
245 0 |a Trường điện từ 
245 0 |c Ngô Nhật ảnh, Trương Trọng Tuấn Mỹ 
260 |a Tp. HCM 
260 |b Trường Đại Học Kỹ Thuật 
260 |c 1998 
650 |a electromagnetic fields 
904 |i Minh, 000623 
980 |a Trung tâm Học liệu Trường Đại học Cần Thơ